000 00482nam a22001697a 4500
005 20231009144214.0
008 231004b |||||||| |||| 00| 0 eng d
020 _a9781492819936
082 _a658.872
_bKIT-P
100 _aKitchen,Tim
245 _aProfitable Social Media Marketing :
_bHow to Grow Your Business Using Facebook, Twitter, Google+, LinkedIn and More
300 _a216
500 _aInclude Index
650 _aManagement
700 _aTim Kitchen
999 _c33760
_d33760